书目信息 |
| 题名: |
平面设计的7大要素
|
|
| 作者: | 古德曼 著 ;王群 译 | |
| 分册: | ||
| 出版信息: | 上海 上海人民美术出版社 2002 |
|
| 页数: | 117页 | |
| 开本: | 26cm | |
| 丛书名: | ||
| 单 册: | ||
| 中图分类: | J504 | |
| 科图分类: | ||
| 主题词: | 工艺美术--创作方法 , 工艺美术--创作--经验 | |
| 电子资源: | ||
| ISBN: | 7-5322-3243-3 | |
| 000 | 00662nam0 2200217 45 | |
| 001 | 0312240935 | |
| 005 | 20041111150624.5 | |
| 010 | @a7-5322-3243-3@dCNY49.00 | |
| 100 | @a20031224d2002 km y0chiy0120 ea | |
| 101 | 0 | @achi@ceng |
| 105 | @a z 000yy | |
| 200 | 1 | @a平面设计的7大要素@APing Mian She Ji De 7 Da Yao Su@f(美)艾莉森·古德曼著@F(Mei)Ai Li Sen·Gu De Man Zhu@g王群译 |
| 210 | @a上海@c上海人民美术出版社@d2002 | |
| 215 | @a117页@d26cm | |
| 606 | 0 | @a工艺美术@x创作方法 |
| 606 | 0 | @a工艺美术@x创作@x经验 |
| 690 | @aJ504@v4 | |
| 701 | 0 | @a古德曼@4著 |
| 702 | 0 | @a王群@AWang Qun@4译 |
| 801 | @aCN@bTSTC@c20031224 | |
| 905 | @b330503-505@dJ504@e84@f3 | |
| 平面设计的7大要素/(美)艾莉森·古德曼著/王群译.-上海:上海人民美术出版社,2002 |
| 117页;26cm |
| ISBN 7-5322-3243-3:CNY49.00 |
| ● |
| 相关链接 |
|
|
|
|
正题名:平面设计的7大要素
索取号:J504/84
 
预约/预借
| 序号 | 登录号 | 条形码 | 馆藏地/架位号 | 状态 | 备注 |
| 1 | 0330503 | 203305039 | 第一借阅区/ [索取号:J504/84] | 在馆 | |
| 2 | 0330504 | 203305048 | 第一借阅区/ [索取号:J504/84] | 在馆 | |
| 3 | 0330505 | 203305057 | 第一样本阅览室/ [索取号:J504/84] | 在馆 |